00696 2200241 4500001002100000005001500021035002000036007000300056008004100059020001800100082001100118084001700129100001800146245004800164260003400212300002000246500010400266650003800370700001300408856001700421990000800438990000800446INLIS00000000000010420220128080711 a0010-0122000104ta220128 g 0 ind  a9789790458512 a006.66 a006.66 DED m0 aDeden Sopandy1 aMengolah Gambar Sederhana dengan Photoshop aSolo :bTiga serangkai,c2009 a50 hlm ;c21 cm aBuku mengolah gambar sederhana dengan photoshop ini akan mendampingimu dalam mempelajari photoshop. 4aPemrograman untuk Komputer Grafis0 aGusnadin aKoleksi Umum a168 a169